Normale Ansicht MARC-Ansicht

Eintrag Personenname

Verwendet in 1 Titel(n)

001 - Kontrollnummer

  • Kontrollfeld: 69053

003 - Kontrollnummer Identifier

  • Kontrollfeld:

005 - Datum und Zeit der letzten Transaktion

  • Kontrollfeld: 20260416123628.0

008 - Datenelemente mit fester Länge

  • Kontrollfeld mit fester Länge: 260416|| aca||aabn | a|a d

040 ## - Katalogisierungsquelle

  • Original-Katalogisierungsstelle:
  • Übertragungsstelle:

100 ## - Ansetzung - Personenname

  • Personenname: Jacoby T

670 ## - Datenquelle

  • Quellenangabe: Work cat.: ()74082: Jacoby T aut, Islam and the Islamic State